Statistics for Day #57: Countries 5700 km away from Ethiopia

Click here to take the quiz!

General Stats

  • This quiz has been taken 11 times
  • The average score is 18 of 20

Answer Stats

Answer% Correct
Belgium
100%
China
100%
Denmark
100%
Estonia
100%
France
100%
Germany
100%
India
100%
Portugal
100%
Russia
100%
Spain
100%
Sweden
100%
Bhutan
91%
Netherlands
91%
Bangladesh
82%
Kazakhstan
82%
Morocco
82%
Senegal
82%
Mauritania
73%
Guinea
64%
Sierra Leone
55%

Score Distribution

Percentile by Number Answered

Percent of People with Each Score

Your Score History

You have not taken this quiz